<?xml version="1.0" encoding="UTF-8"?><?xml-stylesheet type="text/xsl" href="static/style.xsl"?><OAI-PMH xmlns="http://www.openarchives.org/OAI/2.0/" xmlns:xsi="http://www.w3.org/2001/XMLSchema-instance" xsi:schemaLocation="http://www.openarchives.org/OAI/2.0/ http://www.openarchives.org/OAI/2.0/OAI-PMH.xsd"><responseDate>2026-06-29T02:43:25Z</responseDate><request verb="GetRecord" identifier="oai:docta.ucm.es:20.500.14352/105062" metadataPrefix="marc">https://docta.ucm.es/rest/oai/request</request><GetRecord><record><header><identifier>oai:docta.ucm.es:20.500.14352/105062</identifier><datestamp>2025-03-18T14:33:33Z</datestamp><setSpec>com_20.500.14352_14</setSpec><setSpec>col_20.500.14352_20</setSpec></header><metadata><record xmlns="http://www.loc.gov/MARC21/slim" xmlns:dcterms="http://purl.org/dc/terms/" xmlns:xsi="http://www.w3.org/2001/XMLSchema-instance" xmlns:doc="http://www.lyncode.com/xoai" xsi:schemaLocation="http://www.loc.gov/MARC21/slim http://www.loc.gov/standards/marcxml/schema/MARC21slim.xsd">
   <leader>00925njm 22002777a 4500</leader>
   <datafield ind2=" " ind1=" " tag="042">
      <subfield code="a">dc</subfield>
   </datafield>
   <datafield ind2=" " ind1=" " tag="720">
      <subfield code="a">Sánchez Sáinz, Mercedes</subfield>
      <subfield code="e">author</subfield>
   </datafield>
   <datafield ind2=" " ind1=" " tag="260">
      <subfield code="c">2009</subfield>
   </datafield>
   <datafield ind2=" " ind1=" " tag="520">
      <subfield code="a">Para poder hablar de formación en materia de lenguaje es importante matizar que en los actuales planes de estudio de las diferentes facultades, la formación de especialistas vinculados con la Atención Temprana (en los ámbitos sanitario, social y educativo) en aquellos aspectos relativos a la adquisición y desarrollo del lenguaje es escasa, por no decir, en muchos de los casos inexistente. Por lo que se pretendía concretar la importancia que tiene la formación de los profesionales que se encuentran en relación directa con los niños y niñas en la primera infancia, de tal forma que puedan intervenir tempranamente en el desarrollo lingüístico del niño de forma natural y ecológica.</subfield>
   </datafield>
   <datafield ind1="8" ind2=" " tag="024">
      <subfield code="a">Sánchez Sáinz, M. (2009). Necesidad de formación de los profesionales de Atención Temprana en materia de lenguaje. VI Congreso Internacional. Atención a la diversidad: un reto para la convergencia europea, 361-367</subfield>
   </datafield>
   <datafield ind1="8" ind2=" " tag="024">
      <subfield code="a">978-84-692-0501-3</subfield>
   </datafield>
   <datafield ind1="8" ind2=" " tag="024">
      <subfield code="a">https://hdl.handle.net/20.500.14352/105062</subfield>
   </datafield>
   <datafield ind1="8" ind2=" " tag="024">
      <subfield code="a">https://sid-inico.usal.es/formacion/vi-congreso-internacional-universidad-y-educacion-especial-atencion-a-la-diversidad-un-reto-para-la-convergencia-europea/</subfield>
   </datafield>
   <datafield ind2="0" ind1="0" tag="245">
      <subfield code="a">Necesidad de formación de los profesionales de atención temprana en materia de lenguaje</subfield>
   </datafield>
</record></metadata></record></GetRecord></OAI-PMH>